000 00406nam a2200181Ia 4500
005 20250423095825.0
008 250422s9999 xx 000 0 und d
020 _a978-978-48099-8-6
050 _aKP 61 .
100 _aOji,S.I
245 0 _aIntroduction to Legal Method
260 _aIbadan
260 _bAbaba Press
260 _c2011
300 _a216 p
650 _aLegal method
942 _cBK
999 _c31441
_d31441